000 01167cad a22002295a 4500
001 L143895
008 080506s2008 xxk f 000 0 eng d
035 _a(Sirsi) u143895
041 0 _aeng
050 0 4 _a332.6324 $2 18
110 2 _aLambert Smith Hampton
_92865
245 0 0 _aEmpty property rates survey
_h[electronic resource]
260 _aLondon
_bLSH
_c2008
520 _aInvestigates the UK Government's legislative changes to Empty Property Rates relief. Surveyed 100 senior commercial property professionals to find out their views on this issue. Finds that 80% of respondents thought that the legislative changes would not result in more properties being made available. Only 7% thought that the legislation would have no lasting impact on the attractiveness of urban regeneration as an investment opportunity.
521 2 _aAdvanced
590 _aKA
650 2 4 _aRATING (EMPTY PROPERTIES) ACT 2007
651 4 _aEngland and Wales
_y1543-
690 _aPROPERTY-COMMERCIAL PROPERTY-COMMERCIAL PROPERTY TAXATION-BUSINESS RATES
856 4 0 _uhttps://www.lsh.co.uk
_zView the item free of charge after registration at www.lsh.co.uk...
942 _n0
999 _c108309
_d108309